Reserva Natural de Escalerete (Registro nro. 323)

Detalles MARC
000 -CABECERA
Campo de control 01044nam a2200349 a 4500
005 - FECHA Y HORA DE LA ULTIMA TRANSACCION
Campo de control 20170125113424.0
008 - ELEMENTOS DE LONGITUD FIJA—INFORMACION GENERAL
Campo de control 140220b1996 ck ||||| |||| 00| 0 spa d
040 ## - FUENTE DE CATALOGACIÓN
Agencia catalogadora original CO-BoIAVH
Agencia transcriptora CO-BoIAVH
041 ## - IDIOMA
Código de idioma para texto/pista de sonido o título separado Español
044 ## - PAÍS DE PUBLICACIÓN
País de publicación Colombia
090 ## - CLASIFICACIÓN LOCAL
Colección LB
Consecutivo 00303
100 ## - ASIENTO PRINCIPAL--NOMBRE PERSONAL
Nombre personal Kattan, Gustavo H.
245 ## - MENCION DE TITULO
Título Reserva Natural de Escalerete
Parte restante del título diversidad y relaciones ecológicas
260 ## - PUBLICACION, DISTRIBUCION, ETC. (PIE DE IMPRENTA)
Lugar de publicación, distribución, etc. Cali
Nombre del editor, distribuidor, etc. INCIVA
Fecha de publicación, distribución, etc. 1996
300 ## - DESCRIPCION FISICA
Extensión 97 p.
650 ## - ASIENTO SECUNDARIO DE MATERIA - TERMINO TEMATICO
Término temático o nombre geográfico como elemento de entrada Inventarios
650 ## - ASIENTO SECUNDARIO DE MATERIA - TERMINO TEMATICO
Término temático o nombre geográfico como elemento de entrada Insectos
650 ## - ASIENTO SECUNDARIO DE MATERIA - TERMINO TEMATICO
Término temático o nombre geográfico como elemento de entrada Aves
650 ## - ASIENTO SECUNDARIO DE MATERIA - TERMINO TEMATICO
Término temático o nombre geográfico como elemento de entrada Anfibios
650 ## - ASIENTO SECUNDARIO DE MATERIA - TERMINO TEMATICO
Término temático o nombre geográfico como elemento de entrada Reptiles
650 ## - ASIENTO SECUNDARIO DE MATERIA - TERMINO TEMATICO
Término temático o nombre geográfico como elemento de entrada Ictiofauna
662 ## - ASIENTO SECUNDARIO DE MATERIA - JERARQUIA DEL NOMBRE DE LUGAR(
País o entidad mayor Colombia
Jurisdicción política intermedia Reserva Natural de Escalerete
Jurisdicción política de primer orden Valle del Cauca
700 ## - ASIENTO SECUNDARIO - NOMBRE PERSONAL
Nombre personal Montealegre, Fernando
700 ## - ASIENTO SECUNDARIO - NOMBRE PERSONAL
Nombre personal Aldana, Rosa C.
700 ## - ASIENTO SECUNDARIO - NOMBRE PERSONAL
Nombre personal Serrano, Victor Hugo
700 ## - ASIENTO SECUNDARIO - NOMBRE PERSONAL
Nombre personal Aparicio, Alexandra
700 ## - ASIENTO SECUNDARIO - NOMBRE PERSONAL
Nombre personal Usma, Saulo
700 ## - ASIENTO SECUNDARIO - NOMBRE PERSONAL
Nombre personal Echeverri, Claudia
700 ## - ASIENTO SECUNDARIO - NOMBRE PERSONAL
Nombre personal Ruíz, Héctor Javier
700 ## - ASIENTO SECUNDARIO - NOMBRE PERSONAL
Nombre personal Medina Uribe, Claudia A.
942 ## - ELEMENTOS ADICIONALES (KOHA)
Tipo de ítem Informe Técnico
Sistema de clasificación Local
Existencias
Withdrawn status Lost status Sistema de Clasificación Damaged status No para préstamo Colección Inventariado Ubicación Permanente Ubicación actual Fecha de adquisición Fuente de Valor Total Checkouts Número topográfico Inventario / Código de Barras Date last seen Ejemplar Price effective from Forma de adquisición Tipo de material
    Local     General Inventariado 2017 Bogotá Bogotá 29/12/1997 Fernández,Fernando   LB-00303 000452 04/12/2012 Ej. 1 04/12/2012   Informe Técnico